000 00645nam a2200193 a 4500
005 20220526063924.0
008 991125s1959 mx 000 0 spa u
035 _aUPN01000005790
049 _aLT
050 4 _aLB1651 M6.1
_bB56 1959
245 0 0 _aBiología :
_bprimer curso para escuelas secundarias /
_cEnrique Beltrán ... [et al.].
250 _a9a ed.
260 _aMéxico :
_bECLALSA :
_bPorrúa,
_c1959.
300 _a140 p. :
_bil.
500 _a"Corregida conforme al nuevo programa vigente"
650 4 _aBiología
_xEstudio y enseñanza (Secundaria)
_94532
700 1 _aBeltrán, Enrique,
_d1903-1994
_ecoaut.
_934682
905 _aLibro
999 _c5790
_d5790